South Eastern Kenya University

Library Online Public Access Catalogue


Organometallic chemistry (Record no. 2245)

MARC details
000 -LEADER
fixed length control field 00303nam a22001217a 4500
050 ## - LIBRARY OF CONGRESS CALL NUMBER
Classification Number QD 411
Item Number .D66
245 ## - TITLE
Title Organometallic chemistry
260 ## - PUBLICATION, DISTRIBUTION, ETC.(IMPRINT)
Place of publication, distribution, etc Great Britain:
Name of publisher, distributor, etc Latimer Trend &Co.Ltd,
Date of publication, distribution, etc 1965.
300 ## - PHYSICAL DESCRIPTION
Extent ix,112p.
500 ## - GENERALNOTE
General note Includes index
650 ## - SUBJECT--TOPIC
Form subdivision organometallic
General subdivision chemistry
942 ## - ADDED ENTRY ELEMENTS(KOHA)
Koha item type General circulation
Holdings
Source of classification or shelving scheme Not for loan Location (home branch) Sublocation (holding branch) Date accessioned Cost, normal purchase price Full call number Barcode Cost, replacement price Koha item type Public note
Library of Congress Classification   Main Campus Library Main Campus Library 28/08/2014 250.00 QD 411 .D66 2019/021934 750.00 General circulation jm
Kitui, Kenya.
+254736116989
library@seku.ac.ke